The complete novels of Sherlock Holmes / (Record no. 1557)
[ view plain ]
| 000 -LEADER | |
|---|---|
| fixed length control field | 01635nam a22003737a 4500 |
| 001 - CONTROL NUMBER | |
| control field | 1557 |
| 003 - CONTROL NUMBER IDENTIFIER | |
| control field | FISKH |
| 005 - DATE AND TIME OF LATEST TRANSACTION | |
| control field | 20230906162430.0 |
| 008 - FIXED-LENGTH DATA ELEMENTS--GENERAL INFORMATION | |
| fixed length control field | 230906b cb ||||| |||| 00| 0 eng d |
| 020 ## - INTERNATIONAL STANDARD BOOK NUMBER | |
| International Standard Book Number | 9789387779686 (hardcover) |
| 040 ## - CATALOGING SOURCE | |
| Original cataloging agency | DLC |
| Language of cataloging | eng |
| Transcribing agency | DLC |
| Description conventions | rda |
| Modifying agency | DLC |
| -- | FISKH |
| 042 ## - AUTHENTICATION CODE | |
| Authentication code | pcc |
| 043 ## - GEOGRAPHIC AREA CODE | |
| Geographic area code | e-uk-en |
| -- | n-us---- |
| 050 00 - LIBRARY OF CONGRESS CALL NUMBER | |
| Classification number | PR1309 |
| Item number | .D4 |
| 082 00 - DEWEY DECIMAL CLASSIFICATION NUMBER | |
| Classification number | 823/.0108351 |
| 100 ## - MAIN ENTRY--PERSONAL NAME | |
| Personal name | Doyle, Arthur Conan |
| Titles and words associated with a name | Sir |
| Dates associated with a name | 1859-1930. |
| Fuller form of name | Sir Arthur Ignatius Conan Doyle |
| 245 04 - TITLE STATEMENT | |
| Title | The complete novels of Sherlock Holmes / |
| Statement of responsibility, etc. | Sir Arthur Conan Doyle |
| 264 #1 - PRODUCTION, PUBLICATION, DISTRIBUTION, MANUFACTURE, AND COPYRIGHT NOTICE | |
| Place of production, publication, distribution, manufacture | New Delhi : |
| Name of producer, publisher, distributor, manufacturer | Prakash Books, |
| Date of production, publication, distribution, manufacture, or copyright notice | 2023 |
| 300 ## - PHYSICAL DESCRIPTION | |
| Extent | 632 pages : |
| Dimensions | 23 cm |
| 336 ## - CONTENT TYPE | |
| Content type term | text |
| Content type code | txt |
| Source | rdacontent |
| 337 ## - MEDIA TYPE | |
| Media type term | unmediated |
| Media type code | n |
| Source | rdamedia |
| 338 ## - CARRIER TYPE | |
| Carrier type term | volume |
| Carrier type code | nc |
| Source | rdacarrier |
| 520 ## - SUMMARY, ETC. | |
| Summary, etc. | Indulge in the complete adventures of the world's greatest detective with The Complete Novel of Sherlock Holmes. This deluxe hardbound edition features: A Study in Scarlet (1887), The Sign of the Four (1890), The Hound of the Baskervilles (1902), and The Valley of Fear (1915), elegantly presented with a durable hardcover, making it a treasured addition to any book lover's collection. |
| 521 8# - TARGET AUDIENCE NOTE | |
| Target audience note | 1020 <br/> |
| Source | Lexile |
| 600 10 - SUBJECT ADDED ENTRY--PERSONAL NAME | |
| Personal name | Holmes, Sherlock |
| Form subdivision | Fiction. |
| 600 10 - SUBJECT ADDED ENTRY--PERSONAL NAME | |
| Personal name | Watson, John H. |
| Titles and other words associated with a name | (Fictitious character) |
| Form subdivision | Fiction. |
| 650 #0 - SUBJECT ADDED ENTRY--TOPICAL TERM | |
| Topical term or geographic name entry element | Private investigators |
| Geographic subdivision | England |
| Form subdivision | Fiction. |
| 650 #0 - SUBJECT ADDED ENTRY--TOPICAL TERM | |
| Topical term or geographic name entry element | Detective and mystery stories, English. |
| 650 #0 - SUBJECT ADDED ENTRY--TOPICAL TERM | |
| Topical term or geographic name entry element | Detective and mystery stories, American. |
| 655 #7 - INDEX TERM--GENRE/FORM | |
| Genre/form data or focus term | Mystery fiction. |
| Source of term | gsafd |
| 906 ## - LOCAL DATA ELEMENT F, LDF (RLIN) | |
| a | 7 |
| b | cbc |
| c | orignew |
| d | 2 |
| e | ncip |
| f | 20 |
| g | y-gencatlg |
| 942 ## - ADDED ENTRY ELEMENTS (KOHA) | |
| Source of classification or shelving scheme | Dewey Decimal Classification |
| Koha item type | Books |
| Suppress in OPAC | No |
| Withdrawn status | Lost status | Source of classification or shelving scheme | Damaged status | Not for loan | Collection | Home library | Current library | Shelving location | Date acquired | Total Checkouts | Full call number | Barcode | Date last seen | Date last checked out | Price effective from | Koha item type |
|---|---|---|---|---|---|---|---|---|---|---|---|---|---|---|---|---|
| Dewey Decimal Classification | Fiction | Footprints International School Library Network Toul Kork Campus | Footprints International School Library Network Toul Kork Campus | 09/06/2023 | 2 | DOY 823.0108351 PR1309.04 | 2023-0512 | 02/05/2025 | 01/20/2025 | 09/06/2023 | Books |
